Tự học proteus bằng hình ảnh Vẽ, mô phỏng, lập trình vi điều khiển
Proteus là bộ phần mềm mô phỏng vi điều khiển, mạch số, ... quan trọng đối với các bạn sinh viên không có điều kiện mua mạch thực thụ để làm thí nghiệm. Phần mềm này giúp bạn có thể mô phỏng mạch điện tử một cách chính xác nhất so với...
Đã lưu trong:
| 主要作者: | |
|---|---|
| 格式: | 圖書 |
| 語言: | Undetermined |
| 出版: |
Hà Nội
Thanh niên
2017
|
| 主題: | |
| 標簽: |
添加標簽
沒有標簽, 成為第一個標記此記錄!
|
| Thư viện lưu trữ: | Trung tâm Học liệu Trường Đại học Cần Thơ |
|---|
| LEADER | 01229nam a2200217Ia 4500 | ||
|---|---|---|---|
| 001 | CTU_230963 | ||
| 008 | 210402s9999 xx 000 0 und d | ||
| 020 | |c 115000 | ||
| 082 | |a 621.3815 | ||
| 082 | |b H100 | ||
| 100 | |a Trần, Thu Hà | ||
| 245 | 0 | |a Tự học proteus bằng hình ảnh | |
| 245 | 0 | |b Vẽ, mô phỏng, lập trình vi điều khiển | |
| 245 | 0 | |c Trần Thu Hà, Phạm Quang Huy | |
| 260 | |a Hà Nội | ||
| 260 | |b Thanh niên | ||
| 260 | |c 2017 | ||
| 520 | |a Proteus là bộ phần mềm mô phỏng vi điều khiển, mạch số, ... quan trọng đối với các bạn sinh viên không có điều kiện mua mạch thực thụ để làm thí nghiệm. Phần mềm này giúp bạn có thể mô phỏng mạch điện tử một cách chính xác nhất so với các trương trình tương tự. Bạn có thể thiết kế mạch, nguyên lý hoạt động, chạy thử nghiệm, thiết kế các mạch in. | ||
| 650 | |a Thiết kế mạch điện tử,Electronic circuit design | ||
| 910 | |b vtbtruc | ||
| 980 | |a Trung tâm Học liệu Trường Đại học Cần Thơ | ||